Proces category managementu

Category management a metódy podporujúce strategickú spoluprácu v distribučnom kanáli so zreteľom na uspokojenie potrieb zákazníka. Definícia a proces Category managementu. Kooperácia medzi dodávateľom a obchodníkom.

Saved in:
Bibliographic Details
Main Author: Kružlíková, Andrea, 1982-
Format: Book Chapter
Language:Slovak
Subjects:
Tags: Add Tag
No Tags, Be the first to tag this record!

MARC

LEADER 00000naa$a2200000$$$4500
001 0136811
005 20240502072531.4
041 0 |a slo 
044 |a SK 
245 1 0 |a Proces category managementu  |c Andrea Kružlíková 
520 |a Category management a metódy podporujúce strategickú spoluprácu v distribučnom kanáli so zreteľom na uspokojenie potrieb zákazníka. Definícia a proces Category managementu. Kooperácia medzi dodávateľom a obchodníkom. 
610 2 0 |a marketing manažment 
610 2 0 |a stratégia obchodná 
610 2 0 |a nástroje marketingové 
610 2 0 |a stratégia marketingová 
610 2 0 |a reťazce distribučné 
610 2 0 |a stratégia distribučná 
610 2 0 |a spokojnosť zákazníkov 
610 2 0 |a konkurencia 
100 1 |a Kružlíková, Andrea, 1982-